Science Quiz

Random Science or Math Quiz

Quick Math Challenge Quiz Stats

 Plays Quiz Updated Nov 6, 2018

Also try: Fast Math
Challenge
Share
Tweet
Embed
Score 0/27 Timer 02:00
9 Plays Today
Steps % Correct
x 432
98.8%
88
98%
- 1418
97.8%
2/3 of this12
96.6%
x 784
95.8%
Halve it42
95.6%
- 1824
94.8%
÷ 64
94.6%
x by itself = Answer16
93.2%
7272
92.4%
2/9 of this16
88.6%
x 696
86.4%
3/4 of this72
77.1%
÷ 89
76.2%
Steps % Correct
x by itself81
75.2%
- 3744
71.9%
÷ 114
71.2%
4848
67.4%
x 28 = Answer112
65.3%
Triple it144
60.4%
5/9 of this80
42.1%
45% of this36
35.4%
6
34.1%
x 19114
29.4%
- 5856
25%
6/7 of this48
21.7%
x 5.5 = Answer264
14.6%

You're not logged in!

Compare scores with friends on all Sporcle quizzes.
OR
Log In

You Might Also Like...

Show Comments

Extras

Top Quizzes Today


Score Distribution

Your Account Isn't Verified!

In order to create a playlist on Sporcle, you need to verify the email address you used during registration. Go to your Sporcle Settings to finish the process.

Report this User

Report this user for behavior that violates our Community Guidelines.

Details: